Lefase le lengwe (Record no. 119167)

MARC details
000 -LEADER
fixed length control field 00428nam a2200169Ia 4500
003 - CONTROL NUMBER IDENTIFIER
control field 3228
005 - DATE AND TIME OF LATEST TRANSACTION
control field 20230919105806.0
008 - FIXED-LENGTH DATA ELEMENTS--GENERAL INFORMATION
fixed length control field 210816s9999 xx 000 0 und d
020 ## - INTERNATIONAL STANDARD BOOK NUMBER
International Standard Book Number 9781920277154
Qualifying information Paperback
040 ## - CATALOGING SOURCE
Transcribing agency 3228
082 ## - DEWEY DECIMAL CLASSIFICATION NUMBER
Classification number NSO KF RAMM
100 ## - MAIN ENTRY--PERSONAL NAME
Personal name Rammala, M.R
9 (RLIN) 32372
245 #0 - TITLE STATEMENT
Title Lefase le lengwe
260 ## - PUBLICATION, DISTRIBUTION, ETC.
Place of publication, distribution, etc. Centurion:
Name of publisher, distributor, etc. Qualibooks Publishing,
Date of publication, distribution, etc. 2007
300 ## - PHYSICAL DESCRIPTION
Extent 16 Pages
Dimensions 21 cm
942 ## - ADDED ENTRY ELEMENTS
item type Books
Source of classification or shelving scheme Dewey Decimal Classification
-- 162
-- Elsie Maluleke
Holdings
Withdrawn status Lost status Damaged status Not for loan Home library Current library Date acquired Cost, normal purchase price Total Checkouts Barcode Date last seen Price effective from item type Source of classification or shelving scheme Shelving location Full call number Collection code
        Standerton Regional Library Evander 22.09.2023 73.30   33228031153711 22.09.2023 22.09.2023 Book Dewey Decimal Classification Children's Area NSO K F ZOND Fiction
        LYDENBURG REGIONAL LIBRARY Leroro 13.02.2025     33228021291800 13.02.2025 13.02.2025 Books Dewey Decimal Classification   NSO KF RAMM  
        LYDENBURG REGIONAL LIBRARY Mafemani 19.09.2023     33228031025834 19.09.2023 19.09.2023 Books Dewey Decimal Classification Fiction NSO KF RAMM  
        LYDENBURG REGIONAL LIBRARY Mafemani 19.09.2023     33228031029068 19.09.2023 19.09.2023 Books Dewey Decimal Classification Fiction NSO KF RAMM  
        LYDENBURG REGIONAL LIBRARY Mashishing 04.10.2023     33228031030173 04.10.2023 04.10.2023 Books Dewey Decimal Classification Fiction NSO KF RAMM  
        Masoyi Masoyi 17.08.2021 100.00   33228024815712 17.08.2021 17.08.2021 Books        
        LYDENBURG REGIONAL LIBRARY Mkhuhlu 03.09.2024     33228021291859 03.09.2024 03.09.2024 Books Dewey Decimal Classification   NSO KF RAMM  
        LYDENBURG REGIONAL LIBRARY Shatale 30.10.2023     33228031030785 30.10.2023 30.10.2023 Books Dewey Decimal Classification General Stacks NSO KF RAMM Fiction
        Standerton Regional Library eMbalenhle 09.11.2023 73.30   33228031012495 09.11.2023 09.11.2023 Book Dewey Decimal Classification Children's Area NSO JF ZOND Fiction